Estatísticas para Municípios do Rio Grande do Norte em um Mapa

Clique aqui para jogar o quiz

Estatísticas Gerais

  • Esse quiz foi jogado 206 vezes
  • A pontuação média é 56 de 167

Respostas no mapa

Respostas codificadas por cores de uma escala verde-vermelha no mapa do quiz de acordo com a % correta abaixo.
Carregando ...
 

Estatísticas das Respostas

Município% Correto
Natal
100%
Mossoró
97%
Parnamirim
77%
Caicó
73%
Assu
70%
Currais Novos
67%
Tibau
63%
São Gonçalo do Amarante
60%
Pau dos Ferros
60%
Ceará-Mirim
57%
Santa Cruz
57%
Macaíba
57%
São Miguel
53%
Tibau do Sul
53%
Martins
50%
Areia Branca
50%
Lajes
50%
Apodi
50%
Touros
50%
Macau
50%
Parelhas
47%
Nísia Floresta
47%
Patu
47%
Goianinha
47%
Acari
47%
São Miguel do Gostoso
47%
Baraúna
47%
Jucurutu
47%
Jardim do Seridó
47%
Guamaré
47%
João Câmara
43%
Passa-e-Fica
43%
Angicos
43%
Equador
43%
São José de Mipibu
43%
Carnaúba dos Dantas
43%
Maxaranguape
40%
Serra do Mel
40%
Santo Antônio
40%
Extremoz
40%
Jardim de Piranhas
40%
Alto do Rodrigues
40%
Lajes Pintadas
40%
Ipanguaçu
40%
Canguaretama
40%
Jandaíra
37%
Jaçanã
37%
Nova Cruz
37%
Japi
37%
Lagoa Nova
37%
Grossos
37%
São Paulo do Potengi
37%
Tangará
37%
Baía Formosa
37%
Barcelona
37%
São Rafael
37%
Governador Dix-Sept Rosado
37%
São Pedro
37%
Campo Grande
37%
Caraúbas
37%
Santana do Matos
37%
Riachuelo
37%
Florânia
37%
Rio do Fogo
33%
São Tomé
33%
Monte Alegre
33%
Serra de São Bento
33%
Sítio Novo
33%
Pedro Velho
33%
Venha-Ver
33%
Santa Maria
33%
Vila Flor
33%
Caiçara do Norte
33%
Galinhos
33%
Ielmo Marinho
33%
Cruzeta
33%
Ipueira
33%
Campo Redondo
33%
Arez
33%
Coronel João Pessoa
30%
Senador Elói de Souza
30%
Pedro Avelino
30%
Serra Caiada
30%
Pendências
30%
Serra Negra do Norte
30%
Coronel Ezequiel
30%
Jardim de Angicos
30%
Porto do Mangue
30%
Bom Jesus
30%
Monte das Gameleiras
30%
Taipu
30%
Pureza
30%
São José do Seridó
30%
Alexandria
30%
Lagoa d'Anta
30%
São José do Campestre
30%
Vera Cruz
30%
Santana do Seridó
30%
São Vicente
30%
São João do Sabugi
27%
Fernando Pedroza
27%
Paraú
27%
Pedra Grande
27%
São Bento do Norte
27%
Felipe Guerra
27%
Boa Saúde
27%
Olho-d'Água do Borges
27%
Itajá
27%
São Bento do Trairi
27%
Afonso Bezerra
27%
Tenente Ananias
27%
Tenente Laurentino Cruz
27%
Upanema
27%
Espírito Santo
27%
São Fernando
23%
Montanhas
23%
Cerro Corá
23%
Caiçara do Rio do Vento
23%
Brejinho
23%
Serrinha
23%
Bento Fernandes
23%
Umarizal
23%
Viçosa
23%
Senador Georgino Avelino
23%
Encanto
23%
Itaú
23%
Marcelino Vieira
23%
Lagoa de Velhos
23%
Jundiá
23%
Poço Branco
23%
Ouro Branco
23%
Portalegre
23%
Luís Gomes
23%
Major Sales
23%
Paraná
23%
Triunfo Potiguar
20%
Lagoa de Pedras
20%
Várzea
20%
Água Nova
20%
Timbaúba dos Batistas
20%
Almino Afonso
20%
Antônio Martins
20%
José da Penha
20%
Janduís
20%
Lucrécia
20%
Doutor Severiano
20%
Bodó
20%
Frutuoso Gomes
20%
Rodolfo Fernandes
20%
Riacho de Santana
20%
Carnaubais
20%
Rafael Fernandes
20%
Pilões
20%
Pedra Preta
20%
Parazinho
20%
Passagem
20%
Lagoa Salgada
20%
Francisco Dantas
17%
Serrinha dos Pintos
17%
Messias Targino
17%
João Dias
17%
Taboleiro Grande
17%
Rafael Godeiro
17%
Riacho da Cruz
17%
Severiano Melo
17%
Ruy Barbosa
17%
São Francisco do Oeste
17%

Distribuição das Pontuações

Percentil de Números Respondidos

Porcentagem de Pessoas com Cada Pontuação

Sua Pontuação Histórica

Você não jogou esse quiz